Southville International School and Colleges
Your cart is empty.
  • Cart
  • Lists
    Public lists list_1 View all
    Your lists Log in to create your own lists
  • Log in to your account
  • Your cookies
  • Search history
Southville International School and Colleges
  • Advanced search
  • Recent comments
  • Most popular
  • Libraries

Log in to your account

Log in with GOOGLE


If you do not have an external account, but do have a local account, you can still log in:

  1. Home
  2. MARC view: The mobile internet handbook /
Normal view MARC view ISBD view

The mobile internet handbook / (Record no. 305289)

[ view plain ]
MARC details
000 -LEADER
fixed length control field 00527nam a22001697a 4500
003 - CONTROL NUMBER IDENTIFIER
control field SISC
005 - DATE AND TIME OF LATEST TRANSACTION
control field 20161124090100.0
008 - FIXED-LENGTH DATA ELEMENTS--GENERAL INFORMATION
fixed length control field 161124b xxu||||| |||| 00| 0 eng d
020 ## - INTERNATIONAL STANDARD BOOK NUMBER
International Standard Book Number 9781530237500
050 ## - LIBRARY OF CONGRESS CALL NUMBER
Classification number TK 5103.4885
Item number .D925 2016
100 ## - MAIN ENTRY--PERSONAL NAME
Personal name Dunphy, Chris.
245 ## - TITLE STATEMENT
Title The mobile internet handbook /
Statement of responsibility, etc by Chris Dunphy & Cherie Ve Ard with guest author Jack Mayer.
250 ## - EDITION STATEMENT
Edition statement 2016 U.S. RVers Edition.
300 ## - PHYSICAL DESCRIPTION
Extent viii, 241 pages :
Other physical details illustrations ;
Dimensions 22 cm.
500 ## - GENERAL NOTE
General note Includes glossary.
942 ## - ADDED ENTRY ELEMENTS (KOHA)
Source of classification or shelving scheme Library of Congress Classification
Koha item type Books
Holdings
Withdrawn status Lost status Source of classification or shelving scheme Damaged status Home library Current library Shelving location Date acquired Source of acquisition Total Checkouts Full call number Barcode Date last seen Price effective from Koha item type
    Library of Congress Classification   College Library College Library Graduate Section 11/24/2016 Library Fund   TK 5103.4885 .D925 2016 C20805 05/15/2018 11/24/2016 Books

The mobile internet handbook /

APA

Dunphy C., .The mobile internet handbook. : .

Chicago

Dunphy Chris, .The mobile internet handbook. : .

Harvard

Dunphy C., .The mobile internet handbook. : .

MLA

Dunphy Chris, .: . .

  • Place hold
  • Print
  • Cite
  • Add to your cart (remove)
  • Save record
    BIBTEX Dublin Core MARCXML MARC (non-Unicode/MARC-8) MARC (Unicode/UTF-8) MARC (Unicode/UTF-8, Standard) MODS (XML) RIS
  • More searches
    Search for this title in:
    Other Libraries (WorldCat) Other Databases (Google Scholar) Online Stores (Bookfinder.com) Open Library (openlibrary.org)

Exporting to Dublin Core...

SOUTHVILLE LIBRARY

Southville International School and Colleges Library

1281 Tropical Ave. Cor. Luxembourg St., BF Homes International, Las Pinas City

Tel. No. 8256374 / 252358 Loc. 117/146

Powered by Koha